| 000 | 00863cam a2200277 a 4500 | ||
|---|---|---|---|
| 999 |
_c4771 _d4771 |
||
| 001 | 3433886 | ||
| 003 | GZU | ||
| 005 | 20210323154622.0 | ||
| 008 | 911023s1992 mauaf b 001 0 eng c | ||
| 010 | _a 91035356 | ||
| 020 | _a0867203331 | ||
| 040 |
_aDNLM/DLC _cDLC _dDLC |
||
| 050 | 0 | 0 |
_aRB112 _b.CRO 1992 |
| 100 | 1 |
_aCrowley, Leonard V., _d1926- _eauthor |
|
| 245 | 1 | 0 |
_aIntroduction to human disease / _cLeonard V. Crowley. |
| 250 | _a3rd ed. | ||
| 260 |
_aBoston : _bJones and Bartlett, _cc1992. |
||
| 300 |
_axix, 820 p., 16 p. of plates : _bill. ; _c25 cm. |
||
| 504 | _aIncludes bibliographical references and index. | ||
| 650 | 0 | _aPathology. | |
| 650 | 0 |
_aDiseases _xCauses and theories of causation. |
|
| 650 | 2 | _aDiseases. | |
| 650 | 2 | _aMedicine. | |
| 906 |
_a7 _bcbc _corignew _d1 _eocip _f19 _gy-gencatlg |
||
| 942 |
_2lcc _cBK _e3rd ed. _h112 _iCRO _kRB |
||